Score 0/7 Timer 03:00
0 Plays Today
% Correct
The Boy Who Lived
98.5%
The Worst Birthday
90.3%
The Other Minister
81.5%
Owl Post
78.7%
Dudley Demented
76.5%
The Riddle House
73%
The Dark Lord Ascending
62.8%
Remove Ads.
Support Sporcle.
Get the best of Sporcle when you Go Orange. This ad-free experience offers more features, more stats, and more fun while also helping to support Sporcle. Thank you for becoming a member.

You're not logged in!

Compare scores with friends on all Sporcle quizzes.
OR
Log In

Show Comments

Extras

Top Quizzes Today


Score Distribution

Your Account Isn't Verified!

In order to create a playlist on Sporcle, you need to verify the email address you used during registration. Go to your Sporcle Settings to finish the process.

Report this User

Report this user for behavior that violates our Community Guidelines.

Details: